00345nam a2200133Ia 4500008004100000041000800041082001400049100002000063245004000083250001400123260003500137300003200172365000700204240624s9999 xx 000 0 und d aeng a658.3 DEC aDECENZO DAVID A aPERSONNEL HUMAN RESOURCE MANAGEMENT a(3rd ed.) c2003aNew DelhibPrentice-Hall axvii, : 637 : p. : cm. ; 24 cRS